000 00298nam a22001337a 4500
008 171107b xxu||||| |||| 00| 0 eng d
020 _a9780073526881
041 _aeng
080 _26TH
_a330.722.6
100 _a62
101 _aKON
245 _aFINANCIAL ACCOUNTING
_cLIBBY,R
942 _2udc
_cBK
999 _c38034
_d38034